Catalog

Record Details

Catalog Search



Advanced Computer Science and Information Technology Second International Conference, AST 2010, Miyazaki, Japan, June 23-25, 2010. Proceedings  Cover Image E-book E-book

Advanced Computer Science and Information Technology Second International Conference, AST 2010, Miyazaki, Japan, June 23-25, 2010. Proceedings

Record details

  • ISBN: 9783642133466
  • Physical Description: electronic
    electronic resource
    access
    remote
    XII, 195p. 97 illus. online resource.
  • Publisher: Berlin, Heidelberg : Springer Berlin Heidelberg, 2010.
Subject: Computer science
Computer Communication Networks
Software engineering
Computer software
Information systems
Artificial intelligence
Computer Science
Algorithm Analysis and Problem Complexity
Computer Communication Networks
Software Engineering
Information Systems Applications (incl.Internet)
Artificial Intelligence (incl. Robotics)
Computation by Abstract Devices

Electronic resources


LDR 02229nam a22005295i 4500
00139622
003CONS
00520131220163323.0
007cr nn 008mamaa
008100910s2010 gw | s |||| 0|eng d
020 . ‡a9783642133466 ‡9978-3-642-13346-6
0247 . ‡a10.1007/978-3-642-13346-6 ‡2doi
035 . ‡a(DE-He213)978-3-642-13346-6
050 4. ‡aQA76.9.A43
072 7. ‡aUMB ‡2bicssc
072 7. ‡aCOM051300 ‡2bisacsh
1001 . ‡aTomar, G. S. ‡eeditor.
24510. ‡aAdvanced Computer Science and Information Technology ‡h[electronic resource] : ‡bSecond International Conference, AST 2010, Miyazaki, Japan, June 23-25, 2010. Proceedings / ‡cedited by G. S. Tomar, Ruay-Shiung Chang, Osvaldo Gervasi, Tai-hoon Kim, Samir Kumar Bandyopadhyay.
264 1. ‡aBerlin, Heidelberg : ‡bSpringer Berlin Heidelberg, ‡c2010.
300 . ‡aXII, 195p. 97 illus. ‡bonline resource.
336 . ‡atext ‡btxt ‡2rdacontent
337 . ‡acomputer ‡bc ‡2rdamedia
338 . ‡aonline resource ‡bcr ‡2rdacarrier
347 . ‡atext file ‡bPDF ‡2rda
4901 . ‡aCommunications in Computer and Information Science, ‡x1865-0929 ; ‡v74
650 0. ‡aComputer science.
650 0. ‡aComputer Communication Networks.
650 0. ‡aSoftware engineering.
650 0. ‡aComputer software.
650 0. ‡aInformation systems.
650 0. ‡aArtificial intelligence.
65014. ‡aComputer Science.
65024. ‡aAlgorithm Analysis and Problem Complexity.
65024. ‡aComputer Communication Networks.
65024. ‡aSoftware Engineering.
65024. ‡aInformation Systems Applications (incl.Internet).
65024. ‡aArtificial Intelligence (incl. Robotics).
65024. ‡aComputation by Abstract Devices.
7001 . ‡aChang, Ruay-Shiung. ‡eeditor.
7001 . ‡aGervasi, Osvaldo. ‡eeditor.
7001 . ‡aKim, Tai-hoon. ‡eeditor.
7001 . ‡aBandyopadhyay, Samir Kumar. ‡eeditor.
7102 . ‡aSpringerLink (Online service)
7730 . ‡tSpringer eBooks
77608. ‡iPrinted edition: ‡z9783642133459
830 0. ‡aCommunications in Computer and Information Science, ‡x1865-0929 ; ‡v74
85640. ‡uhttp://biblioteca.ipicyt.edu.mx:2048/login?url=http://dx.doi.org/10.1007/978-3-642-13346-6 ‡yTexto completo ‡9CONS
950 . ‡aComputer Science (Springer-11645)
901 . ‡a39622 ‡b ‡c39622 ‡tbiblio ‡sSystem Local

Additional Resources